000 00636nam a2200193 i 4500
001 98908
003 ES-MaACL
005 20230906182413.0
007 t|
008 000217s1865 sp d |||| | spa d
040 _aM-RACE
_bspa
_cM-RACE
_dCCPB | B
100 1 _aEchegaray, José,
_d1832-1916
_946526
245 1 0 _aProblemas de geometría.
_n1ª parte,
_pproblemas de geometría plana /
_cpor José Echegaray.
260 _aMadrid :
_b[s.n.],
_c1865 (
_fEst. Tip. de T. Fortanet)
300 _aXXIV, 151 p. :
_bgráf. ;
_c25 cm.
650 0 4 _aGeometría-
_vProblemas.
_913098
852 _aES-MaACL
_jT-971-F-1
999 _c98908
_d98908